[Event "Port Huron Mini-Swiss"]
[Site "Port Huron, Mich."]
[Date "1986.04.20"]
[Round "1"]
[White "Moody, David"]
[Black "Daly, Bill"]
[Result "1-0"]
[WhiteElo "2006"]
[BlackElo "1743"]
[PlyCount "77"]
[EventDate "1986.??.??"]

1. e4 c6 2. Nc3 d5 3. Nf3 Bg4 4. h3 Bh5 5. g4 Bg6 6. e5 d4 7. Ne2 c5 8. Nf4 e6
9. Nxg6 hxg6 10. d3 Nc6 11. Bf4 Qa5+ 12. Qd2 Qxd2+ 13. Nxd2 Nb4 14. Kd1 Nd5 15.
Bg3 Be7 16. Bg2 O-O-O 17. a4 f6 18. Nc4 Nh6 19. Re1 f5 20. Nd6+ Bxd6 21. exd6
Rhe8 22. Kd2 Nf7 23. Re2 Nf6 24. Rae1 Nxd6 25. Rxe6 Nfe4+ 26. R6xe4 fxe4 27.
dxe4 Nc4+ 28. Kc1 g5 29. e5 d3 30. cxd3 Nb6 31. Be4 Kb8 32. e6+ Ka8 33. Bc7 Rc8
34. Bd6 c4 35. d4 c3 36. b3 Rh8 37. a5 Rcd8 38. Be5 Nd5 39. Bxg7 1-0

[Event "Port Huron Mini-Swiss"]
[Site "Port Huron, Mich."]
[Date "1986.04.20"]
[Round "3"]
[White "Kulbacki, Jim"]
[Black "Moody, David"]
[Result "1-0"]
[WhiteElo "2048"]
[BlackElo "2006"]
[PlyCount "77"]
[EventDate "1986.??.??"]

1. d4 Nf6 2. c4 c5 3. d5 d6 4. Nc3 g6 5. Nf3 Bg7 6. e4 O-O 7. Be2 e6 8. O-O
exd5 9. cxd5 a6 10. a4 Bg4 11. Nd2 Bxe2 12. Qxe2 Nbd7 13. f4 Re8 14. Qf3 Rb8
15. a5 b5 16. axb6 Nxb6 17. Rxa6 c4 18. h3 Nfd7 19. g4 Nc5 20. Ra3 Qe7 21. e5
Nd3 22. Nde4 f5 23. gxf5 gxf5 24. Nxd6 Rf8 25. Qh5 Qd7 26. Ncb5 Nxd5 27. Ra7
Qc6 28. Nxf5 Rb7 29. Rxb7 Qxb7 30. Nbd6 Qb6+ 31. Kh2 Nxc1 32. Qg5 Qa7 33. Rg1
Qf2+ 34. Rg2 Qxf4+ 35. Qxf4 Nxf4 36. Rxg7+ Kh8 37. Nf7+ Rxf7 38. Rxf7 h5 39.
Nd6 1-0

[Event "Port Huron Mini-Swiss"]
[Site "Port Huron, Mich."]
[Date "1986.04.20"]
[Round "2"]
[White "Baudry, Pascal"]
[Black "Moody, David"]
[Result "1-0"]
[WhiteElo "2072"]
[BlackElo "2006"]
[PlyCount "92"]
[EventDate "1986.??.??"]

1. e3 Nf6 2. f4 c5 3. Nf3 d6 4. b3 g6 5. Bb2 Bg7 6. a4 O-O 7. Na3 b6 8. g3 Bb7
9. Bg2 Nc6 10. O-O Rc8 11. d4 Na5 12. Qe2 Qd7 13. Bc3 Nc6 14. dxc5 bxc5 15. e4
Nb4 16. Bxf6 Bxf6 17. e5 Bg7 18. Rad1 Rfd8 19. e6 Qxe6 20. Qxe6 fxe6 21. Bh3
Bxf3 22. Bxe6+ Kf8 23. Rxf3 Rb8 24. h4 Bb2 25. Nb5 Nxc2 26. f5 Nd4 27. Nxd4
Bxd4+ 28. Kg2 Kg7 29. fxg6 Kxg6 30. h5+ Kh6 31. Rf7 Bf6 32. Kf3 Rf8 33. g4 Rxf7
34. Bxf7 Rf8 35. Be6 Bd4+ 36. Ke4 Kg5 37. Kd5 Rf6 38. Re1 Be5 39. Re4 Rf4 40.
Re2 Rb4 41. Kc6 Kf6 42. Bc4 e6 43. a5 Ke7 44. g5 d5 45. Bxd5 Bd4 46. Rxe6+ Kf7
1-0

[Event "Trenton Mini-Swiss (May)"]
[Site "Trenton, Mich."]
[Date "1986.05.10"]
[Round "2"]
[White "Moody, David"]
[Black "Thompson, Dexter"]
[Result "0-1"]
[WhiteElo "2006"]
[BlackElo "2183"]
[PlyCount "76"]
[EventDate "1986.05.10"]

1. e4 e5 2. Nf3 Nc6 3. Bb5 a6 4. Ba4 Nf6 5. O-O Be7 6. Re1 b5 7. Bb3 d6 8. c3
O-O 9. h3 Na5 10. Bc2 c5 11. d4 Qc7 12. Nbd2 cxd4 13. cxd4 Bb7 14. Nf1 Rac8 15.
Bd3 d5 16. Ng3 dxe4 17. Nxe4 Nxe4 18. Bxe4 exd4 19. Qd3 Bxe4 20. Rxe4 Bd6 21.
Bd2 Nc4 22. Rh4 f5 23. Qxd4 Rcd8 24. Bf4 Bxf4 25. Qxf4 Qxf4 26. Rxf4 Nxb2 27.
Rd4 Rxd4 28. Nxd4 g6 29. Rc1 Rd8 30. Rc2 Rxd4 31. Rxb2 Kf7 32. Kf1 Ke6 33. Ke2
Kd5 34. Ke3 g5 35. g3 Ra4 36. Rd2+ Kc5 37. f4 Ra3+ 38. Kf2 gxf4 0-1

[Event "Trenton Mini-Swiss (May)"]
[Site "Trenton, Mich."]
[Date "1986.05.10"]
[Round "3"]
[White "Jackson, James"]
[Black "Moody, David"]
[Result "1-0"]
[WhiteElo "1839"]
[BlackElo "2006"]
[PlyCount "57"]
[EventDate "1986.05.10"]

1. d4 Nf6 2. c4 c5 3. d5 d6 4. Nc3 g6 5. e4 Bg7 6. f4 O-O 7. Nf3 e6 8. Be2 exd5
9. exd5 Na6 10. O-O Bf5 11. Bd3 Bxd3 12. Qxd3 Nb4 13. Qd1 Qd7 14. a3 Na6 15.
Re1 Nc7 16. Be3 b5 17. Qd3 bxc4 18. Qxc4 Rab8 19. Rab1 Qf5 20. Red1 Rfe8 21.
Bf2 Ne4 22. Nxe4 Rxe4 23. Qc1 Nxd5 24. Nh4 Qe6 25. Bg3 Re2 26. Qc4 Bd4+ 27. Kh1
Qe4 28. b4 Ne3 29. Qxe2 1-0

[Event "Trenton Mini-Swiss (May)"]
[Site "Trenton, Mich."]
[Date "1986.05.10"]
[Round "1"]
[White "Giminez, Randy"]
[Black "Moody, David"]
[Result "0-1"]
[WhiteElo "1832"]
[BlackElo "2006"]
[PlyCount "54"]
[EventDate "1986.05.10"]

1. f4 e5 2. fxe5 d6 3. exd6 Bxd6 4. Nf3 g5 5. d4 g4 6. Ng5 f5 7. d5 h6 8. Ne6
Bxe6 9. dxe6 Qh4+ 10. g3 Bxg3+ 11. hxg3 Qxg3+ 12. Kd2 Nf6 13. c3 Nc6 14. Kc2
Rd8 15. Nd2 Ne4 16. Nxe4 fxe4 17. Bd2 e3 18. Be1 Rxd1 19. Rxd1 Qe5 20. Bg2 Qxe6
21. Bg3 Rh7 22. Bd5 Qf5+ 23. Kc1 Rd7 24. Bxc6 bxc6 25. Rhf1 Rxd1+ 26. Rxd1 h5
27. Bxc7 Qf2 0-1

[Event "Michigan Masters/Experts Championship"]
[Site "Dearborn, Mich."]
[Date "1986.05.24"]
[Round "2"]
[White "Moody, David"]
[Black "Koster, Ed"]
[Result "1/2-1/2"]
[WhiteElo "2006"]
[BlackElo "2148"]
[PlyCount "108"]
[EventDate "1986.05.24"]

1. e4 e5 2. Nf3 Nc6 3. d4 exd4 4. Bc4 Nf6 5. O-O Nxe4 6. Re1 d5 7. Nc3 dxc4 8.
Rxe4+ Be7 9. Nxd4 f5 10. Bh6 O-O 11. Nxc6 Qxd1+ 12. Rxd1 fxe4 13. Nxe7+ Kf7 14.
Be3 Kxe7 15. Bc5+ Kf7 16. Bxf8 Kxf8 17. Rd8+ Ke7 18. Rh8 h6 19. Nd5+ Kf7 20.
Nxc7 Rb8 21. Nb5 Ke6 22. Nxa7 Ra8 23. Nxc8 Rxa2 24. Kf1 Rxb2 25. Rd8 Rxc2 26.
Rd6+ Ke5 27. Rb6 c3 28. Rxb7 Rb2 29. Rc7 c2 30. Ke1 Rb1+ 31. Kd2 Rg1 32. g3 Rf1
33. Rxc2 Rxf2+ 34. Kd1 Rf1+ 35. Ke2 Rh1 36. Ke3 Re1+ 37. Kf2 Rh1 38. Ke3 Re1+
39. Re2 Ra1 40. Ne7 Ra3+ 41. Kd2 Ra2+ 42. Ke1 Ra6 43. Rc2 g5 44. Nc6+ Kf5 45.
h3 Ra3 46. Nd4+ Ke5 47. Ne2 e3 48. Nc3 Ra1+ 49. Nd1 h5 50. Rc5+ Ke4 51. Rc3 Kf3
52. Rxe3+ Kg2 53. Re5 Kxg3 54. Rxg5+ Kxh3 1/2-1/2

[Event "Michigan Masters/Experts Championship"]
[Site "Dearborn, Mich."]
[Date "1986.05.24"]
[Round "1"]
[White "Kitts, Gary"]
[Black "Moody, David"]
[Result "0-1"]
[WhiteElo "2135"]
[BlackElo "2005"]
[Annotator "Tim McGrew"]
[PlyCount "50"]
[EventDate "1986.05.24"]

1. e4 e5 2. Nf3 Nc6 3. Bb5 a6 4. Ba4 Nf6 5. O-O Be7 6. Bxc6 {If Black is a
Marshall Gambit man (which David is) and White is feeling really unkind (which
perhaps he was), then this Steenwijker Exchange Variation -- sometimes called
the Delayed Exchange Ruy Lopez Deferred, or DERLD -- is a useful weapon. Play
is slowed somewhat, and while White runs few risks the play is not so utterly
dull as it might be in a purely symmetrical position.} dxc6 7. d3 Nd7 8. Nbd2
f6 {More often Black castles here, when the symmetry of the kings -- both on
their respective king-sides -- precludes any wild pawn rushes. Moody's idea is
to delay king-side castling or do without it altogether.} 9. Nc4 Nc5 10. h3 {
This may be the first new move of the game. Usually White maneuveres one or
the other of his knights to the f5 square.} Be6 11. Ne3 Qd7 {A dual-purpose
move: Black prepares queen-side castling and covers f5 against intruders.} 12.
a4 {Alert play: Black's knight just ran out of retreat squares. If White could
follow this up with 13.b4 the knight would be severely embarrassed.} a5 {
Moody stops that idea.} 13. Bd2 b6 14. Qe2 g5 $5 {A courageous and interesting
decision. Black judges that his king does not need the luxury of king-side
accommodations, so the easternmost peasants are impressed into a citizens'
army to take their grievance to the White monarch.} 15. g4 $2 {White is
attract ed to the idea of sinking a knight into f5. But this is the wrong way
to keep lines closed, as Moody immediately proves.} h5 $1 16. Nf5 {Putting a
knight on this outpost turns out to be much less fun than it looks.} hxg4 17.
hxg4 O-O-O 18. Kg2 Bxf5 19. gxf5 Bd6 {Just getting out of the way so that the
queen can join the fun on the h-file.} 20. b3 g4 $1 21. Nh2 Qh7 22. Rh1 Qh3+
23. Kg1 Rdg8 (23... g3 24. fxg3 Rdg8 {is a bit more precise, but that would
deprive us of the spectacular finish next move.}) 24. Be1 ({Missing his chance
for} 24. Qf1 {when White is worse but momentarily holding. Now we have an
absolutely delightful and unexpected combination that deserves a diagram.
DIAGRAM Black to move and win.}) 24... Nxb3 $3 {Black's bishop needs c5.
Expense is no object!} 25. cxb3 g3 $1 {Black mates in four. A scintillating
finish!} 0-1

[Event "Michigan Masters/Experts Championship"]
[Site "Dearborn, Mich."]
[Date "1986.05.25"]
[Round "4"]
[White "Moody, David"]
[Black "Cooper, Thomas"]
[Result "1/2-1/2"]
[WhiteElo "2006"]
[BlackElo "2122"]
[PlyCount "20"]
[EventDate "1986.05.24"]

1. e4 c6 2. d3 d5 3. Nd2 e5 4. Ngf3 Bd6 5. g3 Nf6 6. Bg2 O-O 7. O-O dxe4 8.
dxe4 Bg4 9. Re1 Bc7 10. Nc4 Qxd1 1/2-1/2

[Event "Michigan Masters/Experts Championship"]
[Site "Dearborn, Mich."]
[Date "1986.05.25"]
[Round "3"]
[White "Feldman, Steve"]
[Black "Moody, David"]
[Result "0-1"]
[WhiteElo "2355"]
[BlackElo "2006"]
[PlyCount "80"]
[EventDate "1986.05.24"]

1. d4 Nf6 2. c4 c5 3. d5 d6 4. Nf3 g6 5. Nc3 Bg7 6. e4 O-O 7. Be2 e6 8. O-O
exd5 9. cxd5 Re8 10. Nd2 a6 11. a4 Nbd7 12. Qc2 Rb8 13. f3 Nh5 14. f4 Bd4+ 15.
Kh1 Ndf6 16. Bxh5 Nxh5 17. Nf3 Bg7 18. Bd2 b5 19. Rae1 b4 20. Nd1 a5 21. b3 Ba6
22. Rf2 Qc7 23. Nb2 c4 24. bxc4 Rec8 25. e5 Bxc4 26. Rc1 Qc5 27. Kg1 Bxd5 28.
Qd3 Qxc1+ 29. Bxc1 Rxc1+ 30. Rf1 Nxf4 31. Qe3 Rxf1+ 32. Kxf1 dxe5 33. g3 Ne6
34. Nxe5 Rc8 35. Ned3 Rc2 36. Qb6 Bxb2 37. Nxb4 Bc4+ 38. Ke1 Bc3+ 39. Kd1 Rd2+
40. Kc1 Bxb4 0-1

[Event "Kentucky State Championship"]
[Site "Louisville, Ky."]
[Date "1986.06.07"]
[Round "1"]
[White "Moody, David"]
[Black "Walker, R. T.."]
[Result "1/2-1/2"]
[WhiteElo "2006"]
[BlackElo "1655"]
[PlyCount "55"]
[EventDate "1986.06.07"]

1. e4 e5 2. Nf3 Nc6 3. d4 exd4 4. Bc4 Bc5 5. O-O d6 6. c3 Bg4 7. b4 Bb6 8. Qb3
Qd7 9. e5 Be6 10. exd6 cxd6 11. Re1 Nd8 12. Ng5 Ne7 13. Nxe6 Nxe6 14. Bxe6 fxe6
15. Rxe6 d5 16. Re5 O-O-O 17. Bg5 Rhe8 18. Nd2 h6 19. Bh4 g5 20. Bg3 Bc7 21.
Ree1 Bxg3 22. hxg3 dxc3 23. Qxc3+ Kb8 24. Rac1 d4 25. Qc5 Qd6 26. Qxd6+ Rxd6
27. Re4 Rc8 28. Rxc8+ 1/2-1/2

[Event "Kentucky State Championship"]
[Site "Louisville, Ky."]
[Date "1986.06.07"]
[Round "3"]
[White "Moody, David"]
[Black "Kelly, John"]
[Result "1-0"]
[WhiteElo "2006"]
[BlackElo "2055"]
[PlyCount "47"]
[EventDate "1986.06.07"]

1. e4 g6 2. d4 Bg7 3. c3 d6 4. Nf3 Nc6 5. Bb5 a6 6. Bxc6+ bxc6 7. e5 h6 8. Bf4
g5 9. Bg3 Bf5 10. Nbd2 d5 11. Qa4 Qd7 12. Nb3 Bc2 13. Nfd2 e6 14. Rc1 Bxb3 15.
Nxb3 Ne7 16. Nc5 Qc8 17. O-O O-O 18. f4 g4 19. Rce1 h5 20. Bh4 Nf5 21. Bg5 Bh6
22. Qxc6 Bxg5 23. fxg5 Qd8 24. Nxe6 1-0

[Event "Kentucky State Championship"]
[Site "Louisville, Ky."]
[Date "1986.06.07"]
[Round "2"]
[White "Jackson, James"]
[Black "Moody, David"]
[Result "0-1"]
[WhiteElo "1839"]
[BlackElo "2006"]
[PlyCount "84"]
[EventDate "1986.06.07"]

1. d4 Nf6 2. c4 c5 3. Nf3 e6 4. Nc3 d5 5. e3 Nbd7 6. Be2 b6 7. b3 Bb7 8. Bb2
Rc8 9. O-O Bd6 10. Nb5 Bb8 11. Rc1 a6 12. Nc3 dxc4 13. bxc4 O-O 14. a4 Qc7 15.
g3 Rfd8 16. Qc2 cxd4 17. Nxd4 Ne5 18. Nd1 h5 19. f4 Neg4 20. h3 Nh6 21. Bf3
Bxf3 22. Nxf3 Nf5 23. Bxf6 gxf6 24. Kf2 b5 25. g4 hxg4 26. hxg4 Nh6 27. Rg1
Qxc4 28. Qxc4 Rxc4 29. Rxc4 bxc4 30. g5 fxg5 31. Rxg5+ Kf8 32. Nc3 Rd3 33. Ne4
Ba7 34. Nc5 Ra3 35. Nd7+ Ke7 36. Nde5 Bxe3+ 37. Kg3 Nf5+ 38. Kg4 c3 39. Nc6+
Kd6 40. Nb4 Rxa4 41. Nc2 Rxf4+ 42. Kh5 Rxf3 0-1

[Event "Kentucky State Championship"]
[Site "Louisville, Ky."]
[Date "1986.06.08"]
[Round "4"]
[White "Moody, David"]
[Black "Bostrom, Rob"]
[Result "0-1"]
[WhiteElo "2006"]
[BlackElo "2273"]
[PlyCount "48"]
[EventDate "1986.06.07"]

1. e4 c5 2. Nf3 Nc6 3. d4 cxd4 4. Nxd4 g6 5. c4 Bg7 6. Be3 Nf6 7. Nc3 Ng4 8.
Qxg4 Nxd4 9. Qd1 Ne6 10. Qd2 Qa5 11. Rc1 b6 12. Qd5 Qxd5 13. cxd5 Nc5 14. f3 d6
15. Be2 O-O 16. O-O f5 17. b4 Nd7 18. Nb5 fxe4 19. fxe4 Nf6 20. Rc7 Ba6 21.
Rxe7 Rfe8 22. Rxa7 Rxa7 23. Nxa7 Bxe2 24. Re1 Nxd5 0-1

[Event "Kentucky State Championship"]
[Site "Louisville, Ky."]
[Date "1986.06.08"]
[Round "5"]
[White "Fischer, Robert"]
[Black "Moody, David"]
[Result "0-1"]
[WhiteElo "2181"]
[BlackElo "2006"]
[PlyCount "74"]
[EventDate "1986.06.07"]

1. c4 e5 2. g3 Nc6 3. Bg2 d6 4. Nc3 f5 5. e3 Nf6 6. d4 Be7 7. d5 Nb8 8. b4 Nbd7
9. Nge2 O-O 10. O-O e4 11. f4 exf3 12. Bxf3 Ne5 13. Qb3 Nxf3+ 14. Rxf3 Ng4 15.
Nd4 Qe8 16. a4 Qh5 17. Ra2 Rf6 18. Qc2 Ne5 19. Rf1 Bd7 20. Qe2 Qxe2 21. Ncxe2
Nxc4 22. Rc2 Nb6 23. Rxc7 Bd8 24. Rxb7 Bc8 25. Rxb6 Bxb6 26. a5 Bd8 27. Nc6 Ba6
28. Kf2 Rf7 29. Ba3 Bg5 30. Rb1 Bxe3+ 31. Kxe3 Re8+ 32. Kf3 Bxe2+ 33. Kf2 f4
34. gxf4 Rxf4+ 35. Kg3 Rf3+ 36. Kg2 Rxa3 37. Nxa7 Bf3+ 0-1

[Event "Toledo Swiss (June)"]
[Site "Toledo, Ohio"]
[Date "1986.06.14"]
[Round "1"]
[White "Moody, David"]
[Black "Pitzen, Jeffrey"]
[Result "0-1"]
[WhiteElo "2006"]
[BlackElo "1578"]
[PlyCount "32"]
[EventDate "1986.06.14"]

1. e4 e5 2. Nf3 Nc6 3. d4 exd4 4. Bc4 Be7 5. c3 Nf6 6. e5 Ne4 7. cxd4 Bb4+ 8.
Kf1 d5 9. exd6 Be6 10. d5 Qxd6 11. Qb3 O-O-O 12. Nc3 Bxc3 13. bxc3 Bxd5 14.
Bxd5 Qxd5 15. Bb2 Qc5 16. Nd4 Nd2+ 0-1

[Event "Toledo Swiss (June)"]
[Site "Toledo, Ohio"]
[Date "1986.06.14"]
[Round "3"]
[White "Moody, David"]
[Black "Moyer, Daniel"]
[Result "1-0"]
[WhiteElo "2006"]
[BlackElo "1578"]
[PlyCount "59"]
[EventDate "1986.06.14"]

1. e4 e6 2. d4 d5 3. Nc3 Bb4 4. e5 c5 5. a3 Bxc3+ 6. bxc3 Qa5 7. Bd2 Qa4 8. Qb1
a6 9. Qb3 Bd7 10. Qxb7 Qc6 11. Qb3 c4 12. Qb2 Qc7 13. a4 Nc6 14. g3 f6 15. exf6
Nxf6 16. f4 O-O 17. Nf3 Ne4 18. Bg2 Rab8 19. Qc1 Qb6 20. O-O Qb2 21. Nh4 Nxd2
22. Qxd2 Na5 23. Rfb1 Qxb1+ 24. Rxb1 Rxb1+ 25. Kf2 Bxa4 26. f5 exf5 27. Bxd5+
Kh8 28. Ng6+ hxg6 29. Qg5 Rf7 30. Bxf7 1-0

[Event "Toledo Swiss (June)"]
[Site "Toledo, Ohio"]
[Date "1986.06.14"]
[Round "4"]
[White "Groeller, William"]
[Black "Moody, David"]
[Result "1/2-1/2"]
[WhiteElo "2154"]
[BlackElo "2006"]
[PlyCount "21"]
[EventDate "1986.06.14"]

1. d4 Nf6 2. Nf3 g6 3. e3 Bg7 4. Be2 O-O 5. O-O b6 6. c4 c5 7. dxc5 bxc5 8. Nc3
Bb7 9. Qc2 d6 10. b3 Nbd7 11. Bb2 1/2-1/2

[Event "Master Challenge VIII"]
[Site "Chicago, Ill."]
[Date "1986.06.21"]
[Round "3"]
[White "Moody, David"]
[Black "Just, Tim"]
[Result "1-0"]
[WhiteElo "1958"]
[BlackElo "1707"]
[PlyCount "37"]
[EventDate "1986.06.21"]

1. e4 d5 2. exd5 Nf6 3. c4 c6 4. d4 cxd5 5. Nc3 Nc6 6. Nf3 Bg4 7. Be2 e6 8.
cxd5 Nxd5 9. Qb3 Bb4 10. O-O O-O 11. Be3 Bd6 12. Qxb7 Ndb4 13. Qb5 Rb8 14. Qa4
Qc7 15. Rac1 Rfc8 16. h3 Bh5 17. a3 Nd5 18. Nxd5 exd5 19. Ba6 1-0

[Event "Master Challenge VIII"]
[Site "Chicago, Ill."]
[Date "1986.06.21"]
[Round "1"]
[White "Moody, David"]
[Black "Goonetilleke, Lasantha"]
[Result "0-1"]
[WhiteElo "1958"]
[BlackElo "2137"]
[PlyCount "50"]
[EventDate "1986.06.21"]

1. e4 c5 2. Nf3 d6 3. d4 cxd4 4. Nxd4 Nf6 5. Nc3 e6 6. Be2 Be7 7. O-O O-O 8. f4
Qb6 9. Be3 Nc6 10. Nf5 Qxb2 11. Nxe7+ Nxe7 12. Qxd6 Qxc3 13. Bd4 Ne8 14. Bxc3
Nxd6 15. Bb4 Nxe4 16. Bxe7 Re8 17. Bb4 Bd7 18. Rad1 Bc6 19. Rd4 a5 20. Be1 h6
21. Rf3 Nc5 22. Rc3 b6 23. Rd6 Bd5 24. Bc4 Ne4 25. Bxd5 exd5 0-1

[Event "Master Challenge VIII"]
[Site "Chicago, Ill."]
[Date "1986.06.21"]
[Round "2"]
[White "Knight, Jerry"]
[Black "Moody, David"]
[Result "0-1"]
[WhiteElo "1414"]
[BlackElo "1958"]
[PlyCount "64"]
[EventDate "1986.06.21"]

1. d4 Nf6 2. c4 c5 3. d5 d6 4. Nc3 g6 5. e4 Bg7 6. Nf3 O-O 7. Be2 e6 8. Bg5 h6
9. Bd2 exd5 10. cxd5 Re8 11. Bd3 c4 12. Bc2 a6 13. a4 Bg4 14. h3 Bxf3 15. Qxf3
Nbd7 16. O-O Rb8 17. Qe2 b5 18. axb5 axb5 19. Bf4 Nc5 20. Rfe1 b4 21. Nd1 Nxd5
22. Qd2 Nxf4 23. Qxf4 d5 24. Rb1 b3 25. Bxb3 Rxb3 26. Qc1 Nd3 27. Qd2 Nxe1 28.
Qxe1 Rxe4 29. Qd2 d4 30. Nc3 Re8 31. Ne2 d3 32. Ng3 c3 0-1

[Event "Master Challenge VIII"]
[Site "Chicago, Ill."]
[Date "1986.06.22"]
[Round "4"]
[White "Rubin, David"]
[Black "Moody, David"]
[Result "1-0"]
[WhiteElo "2286"]
[BlackElo "1958"]
[PlyCount "39"]
[EventDate "1986.06.21"]

1. e4 e5 2. Bc4 Nf6 3. d3 Bc5 4. Nc3 Nc6 5. Nf3 d6 6. Bg5 Be6 7. Nd5 Na5 8.
Nxf6+ gxf6 9. Bxe6 fxe6 10. Bh4 Qe7 11. c3 Nc6 12. O-O Qg7 13. Qb3 Kd7 14. Rad1
Rag8 15. Bg3 f5 16. exf5 exf5 17. d4 Bb6 18. Nxe5+ Nxe5 19. dxe5 f4 20. Qa4+
1-0

[Event "Master Challenge VIII"]
[Site "Chicago, Ill."]
[Date "1986.06.22"]
[Round "5"]
[White "Moody, David"]
[Black "Graves, William"]
[Result "0-1"]
[WhiteElo "1958"]
[BlackElo "1785"]
[PlyCount "72"]
[EventDate "1986.06.21"]

1. e4 c6 2. Nc3 d5 3. Nf3 dxe4 4. Nxe4 Bg4 5. Bc4 e6 6. h3 Bxf3 7. Qxf3 Be7 8.
Qg3 g6 9. d3 Nf6 10. Bh6 Nxe4 11. dxe4 Qa5+ 12. Bd2 Qb6 13. Bc3 Rg8 14. O-O-O
Nd7 15. Qf3 Qc7 16. h4 Bd6 17. h5 g5 18. Bb3 g4 19. Qd3 Bf4+ 20. Kb1 O-O-O 21.
e5 Bxe5 22. Bxe5 Nxe5 23. Qxh7 Rxd1+ 24. Rxd1 Rd8 25. Rxd8+ Qxd8 26. Kc1 Qd4
27. h6 Qf4+ 28. Kd1 Qh2 29. Qg8+ Kd7 30. h7 Qxg2 31. Bxe6+ Ke7 32. Qg5+ Kxe6
33. h8=Q Qf1+ 34. Kd2 Nf3+ 35. Ke3 Qc1+ 36. Kd3 Qxg5 0-1

[Event "East Detroit Open"]
[Site "East Detroit, Mich."]
[Date "1986.07.26"]
[Round "3"]
[White "Moody, David"]
[Black "Fairclough, Neil"]
[Result "0-1"]
[WhiteElo "1958"]
[BlackElo "2135"]
[PlyCount "97"]
[EventDate "1986.07.26"]

1. e4 c6 2. d4 d5 3. exd5 cxd5 4. c4 Nf6 5. Nc3 Nc6 6. Nf3 e6 7. c5 Be7 8. Bf4
O-O 9. Nb5 Ne4 10. Bc7 Qd7 11. Ne5 Nxe5 12. Bxe5 f6 13. Bg3 b6 14. Nc7 Nxg3 15.
hxg3 Qxc7 16. Qh5 h6 17. Qg6 f5 18. Rxh6 Bf6 19. Be2 bxc5 20. Bh5 Rf7 21. Kd2
Rb8 22. b3 Bxd4 23. Rh1 Kf8 24. Rh8+ Ke7 25. Qxf7+ Kd6 26. Qxc7+ Kxc7 27. f4 a5
28. Bf7 Rb6 29. Re8 Bf2 30. Rh7 Bxg3 31. Ke3 Rb4 32. Rxg7 Bxf4+ 33. Kf3 Be5 34.
Bxe6+ Bxg7 35. Rxc8+ Kd6 36. Bxf5 a4 37. Rd8+ Ke5 38. g4 axb3 39. axb3 Rxb3+
40. Ke2 Bf6 41. Re8+ Kf4 42. Re6 Bg5 43. Ra6 d4 44. Ra5 Rc3 45. Kd2 Ke5+ 46.
Kd1 Kf4 47. Kd2 Kf3+ 48. Kd1 Ke3 49. Ra1 0-1

[Event "East Detroit Open"]
[Site "East Detroit, Mich."]
[Date "1986.07.26"]
[Round "1"]
[White "Moody, David"]
[Black "Dmuchowski, Frank"]
[Result "1-0"]
[WhiteElo "1958"]
[BlackElo "1616"]
[PlyCount "25"]
[EventDate "1986.07.26"]

1. e4 d6 2. Nf3 Nf6 3. c3 Nxe4 4. Qa4+ Nc6 5. Qxe4 e5 6. Bc4 f5 7. Qd5 Qf6 8.
d4 h6 9. O-O Ne7 10. dxe5 dxe5 11. Qxe5 Qxe5 12. Nxe5 b6 13. Bf7+ 1-0

[Event "East Detroit Open"]
[Site "East Detroit, Mich."]
[Date "1986.07.27"]
[Round "5"]
[White "Moody, David"]
[Black "Hobbs, Raymond"]
[Result "1-0"]
[WhiteElo "1958"]
[BlackElo "1773"]
[PlyCount "47"]
[EventDate "1986.07.26"]

1. e4 e6 2. d4 d5 3. Nc3 Bb4 4. e5 c5 5. a3 Bxc3+ 6. bxc3 Ne7 7. Nf3 Nbc6 8. a4
c4 9. Ba3 O-O 10. Qd2 Bd7 11. Be2 f6 12. O-O Be8 13. exf6 Rxf6 14. Rae1 Qa5 15.
Ng5 h6 16. Nh3 Nf5 17. Bg4 Ncxd4 18. Bb4 Qxa4 19. cxd4 a5 20. Ra1 Qb5 21. Rxa5
Rxa5 22. Bxa5 Nd6 23. Bd8 Ne4 24. Qe3 1-0

[Event "East Detroit Open"]
[Site "East Detroit, Mich."]
[Date "1986.07.27"]
[Round "4"]
[White "Lynch, William"]
[Black "Moody, David"]
[Result "1/2-1/2"]
[WhiteElo "1645"]
[BlackElo "1958"]
[PlyCount "76"]
[EventDate "1986.07.26"]

1. d4 Nf6 2. c4 c5 3. d5 d6 4. Qc2 g6 5. e4 Bg7 6. Bg5 h6 7. Bxf6 Bxf6 8. Nf3
O-O 9. Be2 Bg4 10. Nbd2 e6 11. h3 Bxf3 12. Nxf3 exd5 13. exd5 Re8 14. O-O Na6
15. Qd2 Nc7 16. Rab1 a6 17. b4 cxb4 18. Rxb4 b5 19. cxb5 Nxd5 20. Qxd5 Rxe2 21.
bxa6 Rxa6 22. Rb7 Re7 23. Rfb1 Qa5 24. Qc4 Ra8 25. Rb8+ Rxb8 26. Rxb8+ Kg7 27.
Qc8 Re1+ 28. Kh2 Be5+ 29. g3 Kf6 30. Qh8+ Ke6 31. Qc8+ Kf6 32. Nxe1 Qxe1 33.
Qd8+ Kf5 34. Qd7+ Kf6 35. Qa7 d5 36. Rb6+ Kg7 37. Rb7 Bxg3+ 38. fxg3 Qe2+
1/2-1/2

[Event "US Open Quad #1"]
[Site "Somerset, N.J."]
[Date "1986.08.03"]
[Round "2"]
[White "Moody, David"]
[Black "Aikin, Arthur"]
[Result "1-0"]
[WhiteElo "1958"]
[BlackElo "2016"]
[PlyCount "83"]
[EventDate "1986.08.03"]

1. e4 e6 2. d4 d5 3. Nc3 Bb4 4. e5 Qd7 5. Bd2 b6 6. Nce2 a5 7. a3 Bxd2+ 8. Qxd2
Qb5 9. Nc3 Qd7 10. Qg5 f6 11. exf6 Nxf6 12. Nf3 Ba6 13. Ne5 Qe7 14. Ne2 Nbd7
15. g3 c5 16. c3 cxd4 17. cxd4 Rc8 18. Nf4 Bxf1 19. Kxf1 Rc2 20. Nfd3 O-O 21.
Kg2 Qd6 22. Rac1 Ne4 23. Qe3 Rfxf2+ 24. Nxf2 Rxf2+ 25. Qxf2 Nxf2 26. Rc8+ Nf8
27. Rf1 Ne4 28. Nd7 Nf6 29. Rxf8+ Qxf8 30. Nxf8 Kxf8 31. Rc1 Ke7 32. Rc6 Nd7
33. a4 e5 34. dxe5 Nxe5 35. Rxb6 Nc4 36. Rb5 d4 37. Kf2 d3 38. b3 Nb2 39. Ke1
g6 40. Rxa5 h5 41. Rb5 Ke6 42. Kd2 1-0

[Event "US Open Quad #1"]
[Site "Somerset, N.J."]
[Date "1986.08.03"]
[Round "3"]
[White "LaHoz, Jose"]
[Black "Moody, David"]
[Result "0-1"]
[WhiteElo "2016"]
[BlackElo "1958"]
[PlyCount "48"]
[EventDate "1986.08.03"]

1. c4 e5 2. g3 f5 3. Nc3 d6 4. Bg2 Nf6 5. e3 Nc6 6. Nge2 Be7 7. O-O O-O 8. d3
Be6 9. Nd5 Bxd5 10. cxd5 Nb4 11. a3 Na6 12. b4 Qe8 13. Bb2 Qh5 14. d4 Ng4 15.
h3 Rf6 16. hxg4 fxg4 17. b5 Rh6 18. Re1 Rf8 19. bxa6 Qh2+ 20. Kf1 Bh4 21. gxh4
Rhf6 22. Nf4 exf4 23. f3 gxf3 24. Bxf3 Rg6 0-1